[Event "Surrey Championship"]
[Site "?"]
[Date "2010.06.23"]
[Round "?"]
[White "Foley, John"]
[Black "Berry, Stephen H"]
[Result "1-0"]
[WhiteElo "2072"]
[BlackElo "2240"]
[PlyCount "97"]
[EventDate "2010.06.23"]
[EventCountry "ENG"]

1. d4 Nf6 2. Nf3 e6 3. e3 b6 4. Bd3 Bb7 5. Nbd2 c5 6. c3 d5 7. O-O Be7 8. Qe2
O-O 9. dxc5 bxc5 10. e4 Nc6 11. e5 Nd7 12. Re1 Re8 13. h4 f6 14. exf6 Bxf6 15.
Ng5 Nf8 16. Qh5 g6 17. Qg4 e5 18. Nxh7 Kxh7 19. h5 e4 20. hxg6+ Kg8 21. Nxe4
Ne5 22. Qf5 dxe4 23. Bb5 Bc6 24. Bxc6 Nxc6 25. Bh6 Re5 26. Qh3 Bg7 27. Re3 Qf6
28. Rg3 Rae8 29. Rd1 Ne7 30. f4 Rf5 31. Bg5 Qe6 32. Bxe7 Nxg6 33. Rd6 Qxe7 34.
Rdxg6 Rf7 35. Qh6 Qd7 36. f5 e3 37. f6 Ree7 38. fxe7 Rxe7 39. Rh3 Qd1+ 40. Kh2
Qd6+ 41. Rxd6 Bxh6 42. Rdxh6 Re5 43. R6h5 Re4 44. R3h4 Re6 45. Rh8+ Kf7 46.
R4h7+ Kf6 47. Rh6+ Ke5 48. Rxe6+ Kxe6 49. Re8+ {Source: http://www.
kingstonchess.org.uk} 1-0

[Event "Paignton Premier"]
[Site "Paignton"]
[Date "2010.09.05"]
[Round "1"]
[White "Berry, Stephen H"]
[Black "Bolt, Graham"]
[Result "1/2-1/2"]
[WhiteElo "2314"]
[BlackElo "2062"]
[PlyCount "71"]
[EventDate "2010.09.05"]
[EventType "swiss"]
[EventRounds "7"]
[EventCountry "ENG"]

1. c4 g6 2. Nc3 Bg7 3. g3 d6 4. Bg2 Nc6 5. Nf3 e5 6. d3 f5 7. O-O Nf6 8. Rb1
O-O 9. b4 h6 10. b5 Ne7 11. a4 Be6 12. Ba3 g5 13. c5 g4 14. Nh4 Rb8 15. b6 axb6
16. cxb6 cxb6 17. Nb5 Ne8 18. h3 h5 19. e3 Bf6 20. hxg4 hxg4 21. d4 e4 22. d5
Bf7 23. Nxf5 Nxf5 24. Qxg4+ Nfg7 25. Qxe4 Qd7 26. Rfc1 Bh5 27. Qd3 Be7 28. Nc3
Bd8 29. Rb4 Rf6 30. Ne2 Bg6 31. Qd2 Qf7 32. Nf4 Bf5 33. Rbc4 Be7 34. Bb2 Rh6
35. Qd4 Nf6 36. Qd2 1/2-1/2

[Event "Paignton Premier"]
[Site "Paignton"]
[Date "2010.09.06"]
[Round "2"]
[White "Bass, John"]
[Black "Berry, Stephen H"]
[Result "1/2-1/2"]
[WhiteElo "2041"]
[BlackElo "2314"]
[PlyCount "52"]
[EventDate "2010.09.05"]
[EventType "swiss"]
[EventRounds "7"]
[EventCountry "ENG"]

1. d4 Nf6 2. c4 e6 3. Nc3 Bb4 4. e3 O-O 5. Bd3 d5 6. Nf3 c5 7. a3 Bxc3+ 8. bxc3
dxc4 9. Bxc4 Qc7 10. Be2 Nbd7 11. O-O b6 12. Bb2 Bb7 13. Rc1 Rad8 14. c4 cxd4
15. exd4 Qf4 16. Qd2 Qb8 17. Qg5 Be4 18. Nd2 Bc6 19. Rfe1 h6 20. Qh4 b5 21. Bc3
bxc4 22. Bb4 Rfe8 23. Nxc4 Nb6 24. Ne5 Ba4 25. Rc3 Nbd5 26. Rg3 Bc2 1/2-1/2

[Event "Paignton Premier"]
[Site "Paignton"]
[Date "2010.09.07"]
[Round "3"]
[White "Berry, Stephen H"]
[Black "Milnes, Anthony CP"]
[Result "1-0"]
[WhiteElo "2314"]
[BlackElo "2075"]
[PlyCount "73"]
[EventDate "2010.09.05"]
[EventType "swiss"]
[EventRounds "7"]
[EventCountry "ENG"]

1. c4 f5 2. g3 Nf6 3. Bg2 e6 4. Nf3 Be7 5. O-O O-O 6. d3 d6 7. Nc3 Nc6 8. Rb1
Qe8 9. b4 e5 10. b5 Nd8 11. Nd5 Ne6 12. a4 Bd8 13. Ng5 c6 14. Nxe6 Bxe6 15.
bxc6 bxc6 16. Nxf6+ Bxf6 17. Rb7 Rf7 18. Qb3 Qc8 19. Rxf7 Bxf7 20. Be3 Rb8 21.
Qa2 Qb7 22. a5 a6 23. Bb6 d5 24. cxd5 cxd5 25. Rc1 Bd8 26. Qa1 e4 27. Qe5 Bxb6
28. axb6 Qxb6 29. Qxf5 Be6 30. Qe5 Rf8 31. e3 exd3 32. Bxd5 Re8 33. Rd1 a5 34.
Qf5 g6 35. Qxd3 Bxd5 36. Qxd5+ Qe6 37. Qxa5 1-0

[Event "Bad Woerishofen Seniors op 27th"]
[Site "Bad Woerishofen"]
[Date "2011.03.24"]
[Round "1"]
[White "Berry, Stephen H"]
[Black "Engbrecht, Helmut"]
[Result "1/2-1/2"]
[WhiteElo "2307"]
[BlackElo "1936"]
[PlyCount "94"]
[EventDate "2011.03.24"]
[EventType "swiss"]
[EventRounds "9"]
[EventCountry "GER"]
[SourceTitle "EXT 2012"]
[Source "ChessBase"]
[SourceDate "2011.11.24"]
[SourceVersion "1"]
[SourceVersionDate "2011.11.24"]
[SourceQuality "1"]

1. c4 Nc6 2. Nc3 Nf6 3. e4 e5 4. Nf3 d6 5. d4 Bg4 6. d5 Nd4 7. Be3 c5 8. dxc6
Nxc6 9. Be2 Be7 10. O-O O-O 11. Qd2 Bh5 12. Ne1 Bg6 13. f3 h5 14. Nd3 Nh7 15.
f4 exf4 16. Nxf4 Nf6 17. Nxg6 fxg6 18. Rad1 Kh7 19. Qe1 Qc8 20. Nd5 Nxd5 21.
exd5 Ne5 22. Bd4 Rxf1+ 23. Bxf1 Bf6 24. Qe4 Qg4 25. Qxg4 Nxg4 26. Be2 Bxd4+ 27.
Rxd4 Ne5 28. Bd1 Rc8 29. b3 Kh6 30. Re4 g5 31. h3 g6 32. Re1 b6 33. Rf1 Kg7 34.
Be2 Rc7 35. Kf2 Rf7+ 36. Ke3 Rxf1 37. Bxf1 a5 38. Be2 Kf6 39. Bd1 Nf7 40. a3
Nh6 41. Ke4 Nf5 42. b4 axb4 43. axb4 Ng3+ 44. Kd4 Nf5+ 45. Ke4 Ng3+ 46. Kd4
Nf5+ 47. Ke4 Ng3+ 1/2-1/2

[Event "Bad Woerishofen Seniors op 27th"]
[Site "Bad Woerishofen"]
[Date "2011.03.27"]
[Round "5"]
[White "Berry, Stephen H"]
[Black "Lutz, Albert"]
[Result "1-0"]
[WhiteElo "2307"]
[BlackElo "2166"]
[PlyCount "77"]
[EventDate "2011.03.24"]
[EventType "swiss"]
[EventRounds "9"]
[EventCountry "GER"]
[SourceTitle "EXT 2012"]
[Source "ChessBase"]
[SourceDate "2011.11.24"]
[SourceVersion "1"]
[SourceVersionDate "2011.11.24"]
[SourceQuality "1"]

1. c4 Nf6 2. Nc3 e6 3. e4 d5 4. e5 d4 5. exf6 dxc3 6. bxc3 Qxf6 7. d4 c5 8. Nf3
h6 9. Bd3 Bd6 10. O-O O-O 11. Qe2 Qe7 12. Ne5 Bxe5 13. dxe5 Nd7 14. Re1 f5 15.
exf6 Rxf6 16. Qe4 a5 17. Bf4 Ra6 18. Re3 Nf8 19. Be5 Rf7 20. Rae1 Rb6 21. Rg3
Bd7 22. Qe3 Qh4 23. Rh3 Qg5 24. f4 Qe7 25. Qg3 Bc6 26. Re2 Qd8 27. Rxh6 Rd7 28.
Rh3 a4 29. a3 Rb3 30. Rd2 Qe7 31. Qg4 Rxd3 32. Rhxd3 Rxa3 33. Rg3 g6 34. Rh3
Kf7 35. Rh8 Ra1+ 36. Kf2 a3 37. Bd6 Ra2 38. Bxe7 Rxd2+ 39. Ke3 1-0

[Event "Bad Woerishofen Seniors op 27th"]
[Site "Bad Woerishofen"]
[Date "2011.03.28"]
[Round "6"]
[White "Bhend, Edwin"]
[Black "Berry, Stephen H"]
[Result "1/2-1/2"]
[WhiteElo "2252"]
[BlackElo "2307"]
[PlyCount "51"]
[EventDate "2011.03.24"]
[EventType "swiss"]
[EventRounds "9"]
[EventCountry "GER"]
[SourceTitle "EXT 2012"]
[Source "ChessBase"]
[SourceDate "2011.11.24"]
[SourceVersion "1"]
[SourceVersionDate "2011.11.24"]
[SourceQuality "1"]

1. e4 e5 2. Nf3 d6 3. d4 exd4 4. Nxd4 Nf6 5. Nc3 Be7 6. Be2 O-O 7. O-O Re8 8.
f4 Bf8 9. Bf3 c5 10. Nde2 Nc6 11. Be3 Bd7 12. Bf2 Rb8 13. Bh4 Be7 14. Bg3 Be6
15. h3 Qb6 16. b3 Rbd8 17. Nd5 Bxd5 18. exd5 Nb8 19. c4 Nbd7 20. Nc3 Bf8 21.
Qd2 g6 22. Bh4 Bg7 23. g4 Qb4 24. Rac1 h6 25. Qd3 a6 26. Kg2 1/2-1/2

[Event "Bad Woerishofen Seniors op 27th"]
[Site "Bad Woerishofen"]
[Date "2011.03.31"]
[Round "9"]
[White "Berry, Stephen H"]
[Black "Rahls, Peter"]
[Result "1-0"]
[WhiteElo "2307"]
[BlackElo "2249"]
[PlyCount "57"]
[EventDate "2011.03.24"]
[EventType "swiss"]
[EventRounds "9"]
[EventCountry "GER"]
[SourceTitle "EXT 2012"]
[Source "ChessBase"]
[SourceDate "2011.11.24"]
[SourceVersion "1"]
[SourceVersionDate "2011.11.24"]
[SourceQuality "1"]

1. c4 e5 2. Nc3 Nc6 3. Nf3 g6 4. d4 exd4 5. Nxd4 Bg7 6. Nxc6 bxc6 7. g3 Nf6 8.
Bg2 O-O 9. O-O Rb8 10. Qc2 d5 11. Rd1 Bf5 12. Qa4 Qe7 13. Qxc6 d4 14. Rxd4 Ng4
15. Rd1 Bxc3 16. bxc3 Qxe2 17. Rf1 Ne5 18. Qxc7 Nf3+ 19. Bxf3 Qxf3 20. Qf4 Qc6
21. Re1 Bh3 22. f3 Rfe8 23. Be3 Rb2 24. Bf2 Reb8 25. Rad1 Qa4 26. Qf6 Qc2 27.
Rd8+ Rxd8 28. Qxd8+ Kg7 29. Bd4+ 1-0

[Event "WECU Open"]
[Site "Exmouth"]
[Date "2011.04.22"]
[Round "1"]
[White "Berry, Stephen H"]
[Black "Brusey, Alan"]
[Result "1-0"]
[WhiteElo "2307"]
[BlackElo "2021"]
[PlyCount "51"]
[EventDate "2011.04.22"]
[EventType "swiss"]
[EventRounds "6"]
[EventCountry "ENG"]

1. c4 c6 2. Nf3 d5 3. g3 Nf6 4. Bg2 Bf5 5. cxd5 cxd5 6. Qb3 b6 7. d3 e6 8. Nc3
Nbd7 9. O-O Nc5 10. Qd1 a5 11. d4 Ncd7 12. Bf4 Be7 13. Nb5 O-O 14. Rc1 Nh5 15.
Bc7 Qc8 16. Nd6 Qa6 17. Nxf5 exf5 18. Ne5 Ndf6 19. Rc6 Rfc8 20. Qc2 g6 21. Rc1
Ng7 22. e3 Ne6 23. Bxb6 Rxc6 24. Qxc6 Rb8 25. Bc7 Qxc6 26. Nxc6 1-0

[Event "WECU Open"]
[Site "Exmouth"]
[Date "2011.04.22"]
[Round "2"]
[White "Cumming, Rhys"]
[Black "Berry, Stephen H"]
[Result "1/2-1/2"]
[WhiteElo "2008"]
[BlackElo "2307"]
[PlyCount "75"]
[EventDate "2011.04.22"]
[EventType "swiss"]
[EventRounds "6"]
[EventCountry "ENG"]

1. e4 e5 2. Nf3 Nc6 3. Bb5 a6 4. Ba4 d6 5. Bxc6+ bxc6 6. d4 exd4 7. Nxd4 c5 8.
Nf3 Nf6 9. O-O Bb7 10. Nc3 Be7 11. Re1 O-O 12. h3 Re8 13. Bf4 Nd7 14. e5 dxe5
15. Nxe5 Bd6 16. Nxd7 Qxd7 17. Rxe8+ Rxe8 18. Bxd6 cxd6 19. Nd5 Re5 20. Ne3 Rg5
21. f4 Qxh3 22. fxg5 Qxe3+ 23. Kf1 Qxg5 24. Qxd6 h5 25. c3 Bd5 26. Re1 h4 27.
b3 h3 28. gxh3 Qf5+ 29. Kg1 Qxh3 30. Qh2 Qg4+ 31. Kf1 Be4 32. Kf2 Qf3+ 33. Kg1
f5 34. c4 Qg4+ 35. Kf1 Qf3+ 36. Kg1 Qg4+ 37. Kf2 Qf3+ 38. Kg1 1/2-1/2

[Event "WECU Open"]
[Site "Exmouth"]
[Date "2011.04.23"]
[Round "3"]
[White "Berry, Stephen H"]
[Black "Rudd, Jack"]
[Result "1-0"]
[WhiteElo "2307"]
[BlackElo "2295"]
[PlyCount "47"]
[EventDate "2011.04.22"]
[EventType "swiss"]
[EventRounds "6"]
[EventCountry "ENG"]

1. c4 e5 2. Nc3 Nc6 3. Nf3 Nf6 4. e4 Bb4 5. d3 d6 6. g3 O-O 7. Bg2 Nh5 8. O-O
Bxc3 9. bxc3 f5 10. exf5 Bxf5 11. Nh4 Bg6 12. Nxg6 hxg6 13. Qg4 Qe8 14. Bd5+
Kh7 15. Qh4 Ne7 16. g4 Nxd5 17. cxd5 Kg8 18. gxh5 gxh5 19. Kh1 Rf3 20. Be3 Qf7
21. c4 Rf8 22. Rg1 Qf5 23. Rg5 Qxd3 24. Rag1 1-0

[Event "WECU Open"]
[Site "Exmouth"]
[Date "2011.04.23"]
[Round "4"]
[White "Smith, Andrew Philip"]
[Black "Berry, Stephen H"]
[Result "0-1"]
[WhiteElo "2171"]
[BlackElo "2307"]
[PlyCount "78"]
[EventDate "2011.04.22"]
[EventType "swiss"]
[EventRounds "6"]
[EventCountry "ENG"]

1. e4 e5 2. d4 exd4 3. Qxd4 Nc6 4. Qe3 Bb4+ 5. Nc3 Nf6 6. Bd2 O-O 7. O-O-O Re8
8. Bc4 Na5 9. Be2 d6 10. f3 Nc6 11. Qf2 Be6 12. Nh3 Ne5 13. Nf4 c6 14. Nxe6
Rxe6 15. a3 Bc5 16. Be3 b6 17. Bxc5 bxc5 18. f4 Ned7 19. f5 Rxe4 20. Nxe4 Nxe4
21. Qf4 d5 22. Bd3 Ndf6 23. Bxe4 Nxe4 24. Rhe1 Qe7 25. g4 h6 26. c4 Qh4 27. Re2
Nf6 28. Rg1 Rf8 29. Qf3 Ne4 30. Qe3 Qf6 31. Qf4 Qd4 32. Rd1 Qxc4+ 33. Rc2 Qa2
34. Re2 Nc3 35. bxc3 Qxe2 36. f6 Re8 37. Qc7 Qe3+ 38. Kc2 Qe4+ 39. Kd2 d4 0-1

[Event "WECU Open"]
[Site "Exmouth"]
[Date "2011.04.24"]
[Round "5"]
[White "Berry, Stephen H"]
[Black "Turner, Matthew"]
[Result "1/2-1/2"]
[WhiteElo "2307"]
[BlackElo "2517"]
[PlyCount "79"]
[EventDate "2011.04.22"]
[EventType "swiss"]
[EventRounds "6"]
[EventCountry "ENG"]

1. c4 c5 2. Nc3 Nc6 3. g3 g6 4. Bg2 Bg7 5. Nf3 Nf6 6. d4 cxd4 7. Nxd4 O-O 8.
O-O d6 9. Nxc6 bxc6 10. Bxc6 Rb8 11. Bg2 Bb7 12. Bxb7 Rxb7 13. Rb1 Qa5 14. Bd2
Qh5 15. Kg2 Rc8 16. Qa4 Nd7 17. b3 Bxc3 18. Bxc3 Nc5 19. Qa3 Qxe2 20. Rbe1 Qc2
21. Re3 e5 22. Qb2 Qxb2 23. Bxb2 Rc6 24. Bc3 Ra6 25. Re2 f5 26. f3 Kf7 27. Rd1
Nd7 28. Be1 Nf6 29. Bf2 g5 30. h3 h5 31. c5 dxc5 32. Bxc5 e4 33. Rd4 Rc6 34. b4
Ra6 35. fxe4 Nxe4 36. g4 Ra4 37. Rd5 hxg4 38. hxg4 Nxc5 39. Rxf5+ Kg6 40. Rxc5
1/2-1/2

[Event "WECU Open"]
[Site "Exmouth"]
[Date "2011.04.24"]
[Round "6"]
[White "Krzyzanowski, Patryk"]
[Black "Berry, Stephen H"]
[Result "0-1"]
[WhiteElo "1996"]
[BlackElo "2307"]
[PlyCount "122"]
[EventDate "2011.04.22"]
[EventType "swiss"]
[EventRounds "6"]
[EventCountry "ENG"]

1. d4 Nf6 2. c4 e6 3. Nf3 Bb4+ 4. Bd2 Qe7 5. g3 O-O 6. Bg2 Bxd2+ 7. Nbxd2 d6 8.
O-O e5 9. Qc2 Re8 10. dxe5 dxe5 11. Ng5 h6 12. Nge4 Nbd7 13. Nc3 c6 14. a3 Nf8
15. b4 Bg4 16. Nde4 Red8 17. Nxf6+ Qxf6 18. Ne4 Qg6 19. h3 Bf5 20. e3 h5 21. c5
Ne6 22. h4 Rd7 23. Qc4 Nd4 24. Rfd1 Bxe4 25. exd4 Bxg2 26. Kxg2 Rad8 27. d5
Rxd5 28. Re1 Qf5 29. Qe4 Qxe4+ 30. Rxe4 f5 31. Re3 e4 32. Rae1 Rd2 33. R3e2
Rxe2 34. Rxe2 Rd3 35. Kf1 Rxa3 36. Rd2 Ra4 37. Rd8+ Kh7 38. b5 Ra5 39. bxc6
bxc6 40. Rd7 a6 41. Ra7 Rxc5 42. Rxa6 Rc2 43. Ra7 Kg6 44. Rd7 Kf6 45. Rd6+ Ke7
46. Rg6 Kf7 47. Rd6 c5 48. Rd7+ Kf6 49. Rd6+ Ke7 50. Rg6 Kf7 51. Rd6 c4 52.
Rd7+ Kf6 53. Rd6+ Ke5 54. Rg6 e3 55. f3 c3 56. Rc6 Rf2+ 57. Ke1 Rxf3 58. Rxc3
Rxg3 59. Rc5+ Ke4 60. Ke2 Rg2+ 61. Kf1 Ra2 0-1

[Event "Paignton Premier"]
[Site "Paignton"]
[Date "2011.09.05"]
[Round "2"]
[White "Berry, Stephen H"]
[Black "Bass, John"]
[Result "1-0"]
[WhiteElo "2320"]
[BlackElo "2086"]
[PlyCount "59"]
[EventDate "2011.09.04"]
[EventType "swiss"]
[EventRounds "7"]
[EventCountry "ENG"]
[SourceTitle "CBM 144 Extra"]
[Source "ChessBase"]
[SourceDate "2011.10.28"]
[SourceVersion "1"]
[SourceVersionDate "2011.10.28"]
[SourceQuality "1"]

1. c4 e5 2. Nc3 Nf6 3. Nf3 d6 4. g3 Be7 5. Bg2 O-O 6. O-O Re8 7. d4 Nbd7 8. e4
c6 9. h3 Bf8 10. Be3 exd4 11. Nxd4 Nc5 12. Qc2 a5 13. Rad1 Qc7 14. Rfe1 g6 15.
Kh2 Bd7 16. b3 Bg7 17. Bf4 Nh5 18. Bc1 Rad8 19. Bg5 Nf6 20. Ndb5 cxb5 21. Bxf6
Ra8 22. Nd5 Qb8 23. Bxg7 Kxg7 24. Qb2+ Kh6 25. Nf6 Re7 26. Rd5 Ra6 27. h4 bxc4
28. Rh5+ gxh5 29. Ng4+ Bxg4 30. Qf6# 1-0

[Event "Paignton Premier"]
[Site "Paignton"]
[Date "2011.09.06"]
[Round "3"]
[White "Dilleigh, Stephen P"]
[Black "Berry, Stephen H"]
[Result "0-1"]
[WhiteElo "2062"]
[BlackElo "2320"]
[PlyCount "84"]
[EventDate "2011.09.04"]
[EventType "swiss"]
[EventRounds "7"]
[EventCountry "ENG"]
[SourceTitle "CBM 144 Extra"]
[Source "ChessBase"]
[SourceDate "2011.10.28"]
[SourceVersion "1"]
[SourceVersionDate "2011.10.28"]
[SourceQuality "1"]

1. d4 Nf6 2. c4 e6 3. Nc3 Bb4 4. e3 b6 5. Nge2 c5 6. a3 Ba5 7. Rb1 Na6 8. Ng3
Bb7 9. f3 O-O 10. Bd2 d5 11. cxd5 cxd4 12. exd4 Bxc3 13. bxc3 Qxd5 14. Bd3 Nc5
15. Bc2 Ncd7 16. O-O Ba6 17. Re1 Rac8 18. Ne4 Rfe8 19. Nxf6+ Nxf6 20. Re5 Qd6
21. Qe1 Nd7 22. Rh5 f5 23. Bb3 Bd3 24. Ra1 Nf6 25. Rh4 Bc4 26. Bxc4 Rxc4 27.
Qe2 b5 28. g4 Rxd4 29. Bg5 Rd5 30. Bxf6 gxf6 31. gxf5 Rxf5 32. Rd1 Qc6 33. Rg4+
Kh8 34. Rd3 Rg8 35. Rxg8+ Kxg8 36. Qe3 Qc5 37. Qxc5 Rxc5 38. Kf2 a5 39. Ke3 Kf7
40. Kd2 Rh5 41. Rd7+ Kg6 42. Ra7 Rxh2+ 0-1

[Event "Paignton Premier"]
[Site "Paignton"]
[Date "2011.09.10"]
[Round "7"]
[White "Hodgson, John H"]
[Black "Berry, Stephen H"]
[Result "0-1"]
[WhiteElo "2208"]
[BlackElo "2320"]
[PlyCount "54"]
[EventDate "2011.09.04"]
[EventType "swiss"]
[EventRounds "7"]
[EventCountry "ENG"]
[SourceTitle "CBM 144 Extra"]
[Source "ChessBase"]
[SourceDate "2011.10.28"]
[SourceVersion "1"]
[SourceVersionDate "2011.10.28"]
[SourceQuality "1"]

1. e4 e5 2. Nf3 Nc6 3. Bb5 a6 4. Ba4 d6 5. O-O Bg4 6. h3 Bh5 7. c3 Nf6 8. Re1
Be7 9. d4 b5 10. Bb3 O-O 11. d5 Na5 12. Bc2 c6 13. dxc6 Nxc6 14. Nbd2 Rc8 15.
Nf1 b4 16. cxb4 Bxf3 17. gxf3 Nxb4 18. Bb3 Nh5 19. Ng3 Nf4 20. Bxf4 exf4 21.
Nf5 Nc6 22. Bc4 a5 23. Qd2 g6 24. Nxe7+ Qxe7 25. Qxf4 Nd4 26. Rac1 Rc5 27. Bf1
Qg5+ 0-1

[Event "e2e4.org.uk English Seniors"]
[Site "Gatwick"]
[Date "2011.10.26"]
[Round "1"]
[White "Kelly, Ian G"]
[Black "Berry, Stephen H"]
[Result "0-1"]
[WhiteElo "2061"]
[BlackElo "2320"]
[PlyCount "118"]
[EventDate "2011.10.26"]
[EventType "swiss"]
[EventRounds "5"]
[EventCountry "ENG"]

1. Nf3 d6 2. c4 e5 3. Nc3 f5 4. d4 e4 5. Nd2 Nf6 6. e3 Be7 7. f3 exf3 8. Nxf3
O-O 9. Bd3 Nc6 10. O-O Qe8 11. a3 Bd8 12. Qc2 Qh5 13. e4 fxe4 14. Nxe4 Nxe4 15.
Bxe4 Bf6 16. Be3 Bg4 17. Qd3 Rae8 18. Rae1 Re7 19. b4 Rfe8 20. Bf2 Nd8 21. b5
c6 22. bxc6 bxc6 23. Nd2 d5 24. Bf3 Ne6 25. cxd5 cxd5 26. Qb3 Nf4 27. Rxe7 Bxe7
28. Re1 Bxf3 29. Nxf3 Bd6 30. Rxe8+ Qxe8 31. Qb7 Qe4 32. Qc8+ Bf8 33. Qb8 a6
34. h3 Nxh3+ 35. gxh3 Qxf3 36. Qe5 h6 37. Qe6+ Kh7 38. Qxa6 Bxa3 39. Qc8 Bd6
40. Qc2+ Kg8 41. Qc8+ Kf7 42. Qd7+ Be7 43. Qc8 Qe4 44. Qd7 Kg6 45. Qe8+ Kh7 46.
Qd7 Bf6 47. Qa4 Bg5 48. Qb3 Bf6 49. Qa4 h5 50. Qd1 Kh6 51. Qc1+ Kg6 52. Qc6 Qf3
53. Qe8+ Kh7 54. Qe6 Bxd4 55. Bxd4 Qd1+ 56. Kh2 Qxd4 57. Qf5+ Kh6 58. Qe6+ g6
59. Qe7 Qf4+ 0-1

[Event "e2e4.org.uk English Seniors"]
[Site "Gatwick"]
[Date "2011.10.27"]
[Round "2"]
[White "Berry, Stephen H"]
[Black "Prizant, Michael"]
[Result "1/2-1/2"]
[WhiteElo "2320"]
[BlackElo "2136"]
[PlyCount "100"]
[EventDate "2011.10.26"]
[EventType "swiss"]
[EventRounds "5"]
[EventCountry "ENG"]

1. c4 e5 2. Nc3 Nf6 3. Nf3 Nc6 4. e4 Bb4 5. d3 Bxc3+ 6. bxc3 h6 7. g3 O-O 8.
Bg2 d6 9. O-O Bg4 10. h3 Bxf3 11. Qxf3 Nh7 12. Rb1 Rb8 13. h4 Ne7 14. Qg4 Qc8
15. Qe2 Qd7 16. Kh2 b5 17. cxb5 Rxb5 18. Be3 c5 19. d4 Rxb1 20. Rxb1 cxd4 21.
cxd4 Nf6 22. Kg1 Rc8 23. d5 Rc7 24. Qb5 Qxb5 25. Rxb5 Ng4 26. Rb8+ Kh7 27. Bd2
Rc2 28. Bb4 Rc1+ 29. Bf1 Nc8 30. Ba3 Rc3 31. Bb2 Rc2 32. Bh3 f5 33. Ba3 Rxa2
34. Rxc8 Rxa3 35. Rc6 Ra1+ 36. Kg2 Ra2 37. Bxg4 fxg4 38. Rxd6 Re2 39. Ra6 Rxe4
40. Rxa7 Rd4 41. Rd7 Kg6 42. Kf1 Kf6 43. Ke2 h5 44. Ke3 g5 45. Rd6+ Kf5 46. Rh6
Re4+ 47. Kd3 Rd4+ 48. Ke2 gxh4 49. Rxh5+ Ke4 50. Rxh4 Kxd5 1/2-1/2

[Event "e2e4.org.uk English Seniors"]
[Site "Gatwick"]
[Date "2011.10.28"]
[Round "3"]
[White "James, Geoffrey H"]
[Black "Berry, Stephen H"]
[Result "1/2-1/2"]
[WhiteElo "2213"]
[BlackElo "2320"]
[PlyCount "64"]
[EventDate "2011.10.26"]
[EventType "swiss"]
[EventRounds "5"]
[EventCountry "ENG"]

1. e4 e5 2. Nf3 d6 3. d4 exd4 4. Nxd4 Nf6 5. Nc3 Be7 6. Be2 O-O 7. O-O Re8 8.
f4 Bf8 9. Bf3 c5 10. Nde2 Nc6 11. b3 a6 12. Bb2 Bd7 13. Ng3 Nd4 14. Nd5 Nxd5
15. exd5 Nf5 16. Nxf5 Bxf5 17. Qd2 Qh4 18. g3 Qh6 19. Rae1 Qg6 20. c4 b5 21.
Rxe8 Rxe8 22. Re1 Rb8 23. Bc3 bxc4 24. bxc4 h5 25. Qe3 h4 26. Kf2 Rb7 27. Qe8
Bd7 28. Qe2 Qh6 29. Bg2 g6 30. Bf6 h3 31. Bf3 Ba4 32. Qd2 Bg7 1/2-1/2

[Event "e2e4.org.uk English Seniors"]
[Site "Gatwick"]
[Date "2011.10.29"]
[Round "4"]
[White "Berry, Stephen H"]
[Black "Habershon, Paul F"]
[Result "1-0"]
[WhiteElo "2320"]
[BlackElo "2133"]
[PlyCount "69"]
[EventDate "2011.10.26"]
[EventType "swiss"]
[EventRounds "5"]
[EventCountry "ENG"]

1. c4 g6 2. Nc3 Bg7 3. g3 c5 4. Bg2 Nc6 5. Nf3 e6 6. d3 Nge7 7. Bg5 h6 8. Bd2
O-O 9. O-O d5 10. Rb1 b6 11. a3 a5 12. Nb5 Ba6 13. Qc1 Kh7 14. e3 Rc8 15. Qc2
Qd7 16. Rfd1 Rfd8 17. Be1 Qe8 18. Qe2 Nf5 19. b3 Bxb5 20. cxb5 Nce7 21. a4 Nd6
22. Rbc1 Rc7 23. Bc3 Bxc3 24. Rxc3 f6 25. Rcc1 Rdc8 26. h4 Qh8 27. e4 c4 28.
dxc4 Nxe4 29. Nd4 f5 30. Nxe6 Nc3 31. Rxc3 Qxc3 32. Nxc7 Rxc7 33. cxd5 Qxb3 34.
d6 Rd7 35. Bc6 1-0

[Event "e2e4.org.uk English Seniors"]
[Site "Gatwick"]
[Date "2011.10.30"]
[Round "5"]
[White "Berry, Stephen H"]
[Black "Norman, Kenneth I"]
[Result "1/2-1/2"]
[WhiteElo "2320"]
[BlackElo "2160"]
[PlyCount "55"]
[EventDate "2011.10.26"]
[EventType "swiss"]
[EventRounds "5"]
[EventCountry "ENG"]

1. c4 g6 2. Nc3 Bg7 3. g3 Nf6 4. Bg2 O-O 5. d3 e5 6. Nf3 d6 7. O-O Nc6 8. Rb1
a5 9. a3 Nd4 10. b4 axb4 11. axb4 Bg4 12. Bg5 c6 13. b5 Qd7 14. Bxf6 Bxf6 15.
Nxd4 exd4 16. Ne4 Bg7 17. Re1 d5 18. cxd5 cxd5 19. Nc5 Qe7 20. Na4 Be6 21. Qb3
Qd6 22. Qb4 Rfd8 23. Qxd6 Rxd6 24. Nc5 Rb6 25. Rec1 Be5 26. Rc2 Ra5 27. Nxe6
fxe6 28. Rcb2 1/2-1/2

[Event "Leuven op 23rd"]
[Site "Leuven"]
[Date "2011.11.10"]
[Round "1"]
[White "Berry, Stephen H"]
[Black "Massoels, Thomas"]
[Result "1-0"]
[WhiteElo "2336"]
[BlackElo "2005"]
[PlyCount "73"]
[EventDate "2011.11.10"]
[EventType "swiss"]
[EventRounds "7"]
[EventCountry "BEL"]
[SourceTitle "CBM 145 Extra"]
[Source "ChessBase"]
[SourceDate "2012.01.03"]
[SourceVersion "1"]
[SourceVersionDate "2012.01.03"]
[SourceQuality "1"]

1. c4 e6 2. g3 Nf6 3. Bg2 c5 4. Nf3 d5 5. O-O Nc6 6. cxd5 Nxd5 7. Nc3 Nf6 8. b3
Be7 9. Bb2 O-O 10. Rc1 Bd7 11. Na4 b6 12. d4 Nb4 13. dxc5 Bxa4 14. bxa4 Bxc5
15. a3 Qxd1 16. Rfxd1 Nbd5 17. Ne5 Rac8 18. e4 Ne7 19. Nd3 Rfd8 20. a5 Bd4 21.
Rxc8 Nxc8 22. Bxd4 Rxd4 23. Rc1 Rd8 24. e5 Ne8 25. a6 Ne7 26. Nb4 Rc8 27. Rd1
Kf8 28. Bb7 Rc3 29. Rd8 Rxa3 30. Nc6 Nd5 31. Nxa7 Ndc7 32. Nc8 f6 33. exf6 gxf6
34. a7 Kf7 35. Bc6 b5 36. Bxe8+ Nxe8 37. Rd7+ 1-0

[Event "Leuven op 23rd"]
[Site "Leuven"]
[Date "2011.11.11"]
[Round "2"]
[White "Verheyden, Jonas"]
[Black "Berry, Stephen H"]
[Result "1/2-1/2"]
[WhiteElo "2005"]
[BlackElo "2336"]
[PlyCount "77"]
[EventDate "2011.11.10"]
[EventType "swiss"]
[EventRounds "7"]
[EventCountry "BEL"]
[SourceTitle "CBM 145 Extra"]
[Source "ChessBase"]
[SourceDate "2012.01.03"]
[SourceVersion "1"]
[SourceVersionDate "2012.01.03"]
[SourceQuality "1"]

1. e4 Nf6 2. Nc3 e5 3. Nf3 d6 4. d4 exd4 5. Nxd4 Be7 6. g3 O-O 7. Bg2 Nc6 8.
Nde2 Rb8 9. O-O Bd7 10. a4 Re8 11. b3 Nb4 12. Bb2 Bf8 13. Nf4 a6 14. Qd2 g6 15.
Ncd5 Nbxd5 16. Nxd5 Bg7 17. Bxf6 Bxf6 18. Nxf6+ Qxf6 19. Rfe1 Bc6 20. Rad1 Re7
21. f3 Rbe8 22. Rf1 Qb2 23. Rf2 Bd7 24. Qb4 a5 25. Qxb7 Bxa4 26. Qa6 Bd7 27.
Qxa5 Be6 28. Qa1 Qxa1 29. Rxa1 f5 30. Rd2 fxe4 31. fxe4 Kg7 32. Ra7 Kf6 33.
Rf2+ Ke5 34. Ra5+ c5 35. Rd2 Rb8 36. Kf2 Rb6 37. Ke3 Rb8 38. Ra6 Rd7 39. Bf1
1/2-1/2